[Event "ACP Blitz Prelim2"]
[Site "playchess.com INT"]
[Date "2004.04.13"]
[Round "8"]
[White "Kharlov,A"]
[Black "Godena,M"]
[Result "1-0"]
[WhiteElo "2593"]
[BlackElo "2533"]

1.c4 e6 2.d4 d5 3.Nc3 c6 4.Nf3 Nf6 5.Qb3 Nbd7 6.Bg5 Qa5 7.cxd5 exd5 8.e3 Ne4
9.Bd3 Nxg5 10.Nxg5 h6 11.Nf3 Bd6 12.O-O O-O 13.e4 dxe4 14.Nxe4 Bf4 15.Rfe1 Qd8
16.Re2 Nb6 17.Nc5 Bg4 18.Bc2 Bxf3 19.Qxf3 Qxd4 20.Nxb7 Nd5 21.Na5 Qc5 22.Nb3 Qd6
23.g3 Bg5 24.Nd4 g6 25.Rd1 Rad8 26.h4 Bf6 27.h5 Nf4 28.gxf4 Bxd4 29.Qg4 c5
30.hxg6 Qxg6 31.Bxg6  1-0

[Event "Karadjordje-Serbia"]
[Site "Topola SCG"]
[Date "2004.05.07"]
[Round "4"]
[White "Georgiev,Ki"]
[Black "Goloshchapov,A"]
[Result "1-0"]
[WhiteElo "2637"]
[BlackElo "2569"]

1.Nf3 d5 2.d4 Nf6 3.c4 e6 4.Nc3 c6 5.Qb3 dxc4 6.Qxc4 b5 7.Qb3 Nbd7 8.Bg5 c5
9.e3 a6 10.Be2 Bb7 11.O-O cxd4 12.Nxd4 Be7 13.Rfd1 Qb6 14.a4 b4 15.a5 Qc5
16.Bxf6 Bxf6 17.Na2 Bxd4 18.Rxd4 Qxa5 19.Qxb4 Qxb4 20.Rxb4 Rb8 21.Nc3 Ke7
22.f3 Bd5 23.Rxb8 Rxb8 24.e4 Bb7 25.Kf2 Bc8 26.Ra2 Nc5 27.Ke3 Kd6 28.Kd2 g5
29.Kc2 f6 30.Bc4 h6 31.Ra3 Rb6 32.b3 Nd7 33.Ne2 Ne5 34.Nd4 Nc6 35.Nxc6 Rxc6
36.Kc3 Rc5 37.Kb4 Rc6 38.h4 Rb6+ 39.Kc3 e5 40.hxg5 hxg5 41.Ra1 Kc7 42.Rh1 Rd6
43.Rh7+ Kb6 44.Bd5 Bd7 45.b4 a5 46.bxa5+ Kxa5 47.Rh8 Kb5 48.Ra8 Be6 49.Bxe6 Rxe6
50.Kd3 Rc6 51.Rf8 Kc5 52.Rf7 Ra6 53.Ke3 g4 54.fxg4 Ra3+ 55.Kf2 Ra6 56.Rd7 Ra2+
57.Kg3 Ra4 58.Rf7 Ra6 59.g5 fxg5 60.Rd7 Ra4 61.Rd5+ Kc6 62.Rxe5 Kd6 63.Rd5+ Ke6
64.Kf3 Ra3+ 65.Kg4 Ra4 66.Kxg5 Rxe4 67.Rf5 Ra4 68.g4 Ra8 69.Kh6 Rh8+ 70.Kg7 Rh4
71.Rf4 Ke5 72.Ra4 Ke6 73.Ra6+ Ke5 74.g5 Kf5 75.g6 Rb4 76.Kh7  1-0

[Event "3rd ACP Blitz Prelim5"]
[Site "playchess.com INT"]
[Date "2004.06.04"]
[Round "19"]
[White "Tregubov,P"]
[Black "Potkin,V"]
[Result "0-1"]
[WhiteElo "2636"]
[BlackElo "2540"]

1.d4 d5 2.c4 e6 3.Nf3 Nf6 4.Nc3 c6 5.Qb3 Be7 6.g3 dxc4 7.Qxc4 b5 8.Qb3 Bb7
9.Bg2 a6 10.a4 O-O 11.O-O b4 12.a5 Nbd7 13.Bf4 Rc8 14.Na4 Qxa5 15.Rfc1 Qb5
16.e3 c5 17.dxc5 Nxc5 18.Nxc5 Bxc5 19.Be5 Nd7 20.Bd4 Bd5 21.Qa4 Qxa4 22.Rxa4 Bxd4
23.Rxc8 Rxc8 24.Nxd4 Rc1+ 25.Bf1 Bc4 26.Rxb4 Bxf1  0-1

[Event "ch-GBR"]
[Site "Scarborough ENG"]
[Date "2004.08.02"]
[Round "1"]
[White "Nixon,T"]
[Black "Houska,Jo"]
[Result "1/2-1/2"]
[WhiteElo "2198"]
[BlackElo "2375"]

1.d4 d5 2.c4 e6 3.Nc3 c6 4.Qb3 Nf6 5.Nf3 Nbd7 6.g3 Bd6 7.Bg2 O-O 8.O-O b6
9.e4 dxe4 10.Ng5 Bb7 11.Ngxe4 Be7 12.Bf4 Nxe4 13.Nxe4 Nf6 14.Nc5 bxc5 15.Qxb7 cxd4
16.Bc7 Qc8 17.Bxc6 a5 18.Qxa8 Qxc7 19.Qb7 Qxb7 20.Bxb7 Rb8 21.Bf3 Rxb2 22.Rfb1 Rb4
23.a3 Rxc4 24.Rb8+ Bf8 25.Ra8 g6 26.Rxa5 Rc2 27.a4 d3 28.Rd1 Bc5 29.Rxd3 Bxf2+
30.Kf1 Kg7 31.Bd1 Ra2 32.Be2 Bb6 33.Ra6 Bc5 34.Ra5 Bb6 35.Rb5 Bc7 36.Rc3 Bd6
37.a5 Nd5 38.Rf3 Ra1+ 39.Kg2 Ra2 40.Kf1 Ra1+ 41.Kf2 Nc7 42.Rb7 Rxa5 43.Bc4 Rc5
44.Bb3 Be5 45.Kg2 h5 46.Rf2 g5 47.Rc2 Rxc2+ 48.Bxc2 h4 49.gxh4 gxh4 50.Kh3 Nd5
51.Bb3 Bf6 52.Rd7 Ne7 53.Kg4 Kh6 54.Bxe6 fxe6 55.Rd6 Kg6 56.Rxe6 Nf5 57.Ra6 Ne3+
58.Kh3 Nf1 59.Rxf6+ Kxf6 60.Kxh4 Kf5  1/2-1/2

[Event "14th Open"]
[Site "Abu Dhabi UAE"]
[Date "2004.08.14"]
[Round "1"]
[White "Anastasian,A"]
[Black "Saleh,Nab"]
[Result "1-0"]
[WhiteElo "2571"]
[BlackElo "2301"]

1.d4 d5 2.c4 c6 3.Nc3 Nf6 4.Qb3 e6 5.Nf3 Be7 6.Bf4 O-O 7.e3 c5 8.cxd5 cxd4
9.Nxd4 Nxd5 10.Nxd5 exd5 11.O-O-O Nc6 12.Kb1 Nxd4 13.Rxd4 Be6 14.Be5 Bc5
15.Rd1 Qe7 16.Bd4 Rfc8 17.Be2 a5 18.a4 Bf5+ 19.Bd3 Bg4 20.f3 Be6 21.Bc2 g6
22.h4 Bxd4 23.Rxd4 Rc4 24.h5 Rac8 25.Rxc4 dxc4 26.Qc3 Qb4 27.hxg6 fxg6 28.Qf6  1-0

[Event "Corsica Masters"]
[Site "Bastia FRA"]
[Date "2004.10.29"]
[Round "1"]
[White "Tregubov,P"]
[Black "Bouhana,P"]
[Result "1-0"]
[WhiteElo "2629"]
[BlackElo "1981"]

1.d4 d5 2.c4 c6 3.Nf3 Nf6 4.Nc3 e6 5.Qb3 Nbd7 6.Bg5 Be7 7.e3 O-O 8.Rd1 Qa5
9.Bd3 Bb4 10.O-O b6 11.cxd5 cxd5 12.Rc1 Bxc3 13.Rxc3 Ba6 14.Bxa6 Qxa6 15.Rfc1 Rac8
16.h3 Rxc3 17.Rxc3 Rc8 18.Bxf6 Nxf6 19.Ne5 Ne4 20.Qa4 Qb7 21.Qxa7 Qa8 22.Qxf7+ Kh8
23.Qxe6  1-0

[Event "ch-GRE"]
[Site "Athens GRE"]
[Date "2004.12.10"]
[Round "7"]
[White "Banikas,H"]
[Black "Kapnisis,S"]
[Result "1/2-1/2"]
[WhiteElo "2538"]
[BlackElo "2435"]

1.d4 d5 2.c4 e6 3.Nf3 Nf6 4.Nc3 c6 5.Qb3 dxc4 6.Qxc4 b5 7.Qd3 Nbd7 8.g3 Bb7
9.Bg2 a6 10.O-O c5 11.b3 cxd4 12.Nxd4 Ne5 13.Qe3 Neg4 14.Qd2 Bxg2 15.Kxg2 Rc8
16.Nf3 Bb4 17.Qxd8+ Kxd8 18.Nd1 Ne4 19.Bb2 Ngf6 20.Ne5 Ke7 21.f3 Nc5 22.a3 Bd2
23.b4  1/2-1/2

[Event "TCh-BEL 2004-5"]
[Site "Belgium BEL"]
[Date "2005.01.16"]
[Round "7"]
[White "Bauduin,E"]
[Black "Cnossen,W"]
[Result "1-0"]
[WhiteElo "2245"]
[BlackElo "2188"]

1.c4 e6 2.Nf3 d5 3.d4 Nf6 4.Nc3 c6 5.Qb3 dxc4 6.Qxc4 b6 7.g3 Ba6 8.Qb3 Bb7
9.Bg2 c5 10.O-O cxd4 11.Rd1 Nbd7 12.Nxd4 Bxg2 13.Kxg2 Bc5 14.Bg5 O-O 15.Ne4 Qc8
16.Bxf6 Nxf6 17.Nxf6+ gxf6 18.Qf3 Kg7 19.Rac1 Qa6 20.Nxe6+ fxe6 21.Rd7+ Rf7
22.Rxf7+ Kxf7 23.Qxa8 Qxa2 24.Qb7+ Kg6 25.Qe4+ Kg7 26.b4 Qd2 27.Rc4 Be7 28.Qxe6  1-0

[Event "Zimski Winter Open"]
[Site "Belgrade SCG"]
[Date "2005.01.25"]
[Round "3"]
[White "Rakocevic,Z"]
[Black "Koprivica,C"]
[Result "1-0"]
[WhiteElo "2146"]
[BlackElo "2071"]

1.d4 d5 2.c4 Nf6 3.Nc3 c6 4.Nf3 e6 5.Bf4 Nbd7 6.h3 Be7 7.e3 O-O 8.a3 Ne4
9.Bd3 f5 10.Nd2 Qe8 11.cxd5 exd5 12.Rc1 Bd6 13.Bxd6 Nxd6 14.O-O Rf6 15.Ne2 Rh6
16.Ng3 Nf6 17.Be2 Nde4 18.Bf3 Nxg3 19.fxg3 Qxe3+ 20.Kh2 f4 21.g4 g5 22.Nb3 Rh4
23.Rc3 Qe7 24.Kg1 Bd7 25.Re1 Qg7 26.Nc5 b6 27.Nxd7 Qxd7 28.Re5 h6 29.Qc2 Rc8
30.Qg6+ Qg7 31.Qf5 Rc7 32.Qe6+ Qf7 33.Rxc6 Rxc6 34.Qxc6 Kg7 35.Rf5 Qe7 36.Re5 Qf7
37.Bxd5 Nxd5 38.Rxd5 Qf8 39.Rd7+  1-0

[Event "Acropolis GM Open"]
[Site "Athens GRE"]
[Date "2005.03.13"]
[Round "8"]
[White "Dorfanis,I"]
[Black "Poteas,I"]
[Result "1/2-1/2"]
[WhiteElo "2195"]
[BlackElo "2190"]

1.d4 d5 2.Nf3 e6 3.c4 c6 4.Nc3 Nf6 5.Qb3 Nbd7 6.g3 Be7 7.Bg2 O-O 8.O-O a6
9.Re1 b6 10.Nd2 Bb7 11.e4 dxc4 12.Nxc4 b5 13.e5 Nd5 14.Nxd5 cxd5 15.Ne3 Nb6
16.Bd2 Nc4 17.Bb4 Bxb4 18.Qxb4 Qd7 19.a4 Rfc8 20.a5 Nxe3 21.fxe3 Rc4 22.Qd2 Rac8
23.Bf1 Rc2 24.Qb4 Qd8 25.Bd3 R2c7 26.Qd2 f6 27.exf6 Qxf6 28.Rf1 Qe7 29.Rac1 e5
30.Rxc7 Rxc7 31.dxe5 Qxe5 32.Qf2 Qe7 33.Qf4 Bc8 34.Kg2 Be6 35.Rf2 Rc8 36.h4 Re8
37.Rc2 Rf8 38.Rc7 Qe8 39.Qg5 Rf7 40.Rxf7 Bxf7 41.Kf2 Qf8 42.Qf5 g6 43.Qf6 Qc8
44.Kg2 Qc1 45.Kf3 Qd2 46.Qc3 Qd1+ 47.Kf4 Qg1 48.Qc8+ Kg7 49.Qc3+ Kg8 50.Qc2 Kg7
51.Qc3+ Kg8 52.Qe5 Qd1 53.Qb8+ Kg7 54.Qe5+ Kg8 55.Qb8+ Kg7 56.Qe5+ Kg8 57.Qb8+  1/2-1/2

[Event "Torch Real Estate Cup"]
[Site "Xiapu CHN"]
[Date "2005.06.23"]
[Round "16"]
[White "Lin Weiguo"]
[Black "Yu Lie"]
[Result "1/2-1/2"]
[WhiteElo "2448"]
[BlackElo "2328"]

1.d4 d5 2.c4 e6 3.Nc3 Nf6 4.Nf3 c6 5.Qb3 Nbd7 6.g3 a6 7.a4 dxc4 8.Qxc4 b5
9.Qd3 b4 10.Ne4 Bb7 11.Nxf6+ Nxf6 12.Bg2 c5 13.O-O Be4 14.Qd1 Qd5 15.a5 cxd4
16.Qa4+ Nd7 17.Rd1 Bc5 18.Be3  1/2-1/2

[Event "6th EICC"]
[Site "Warsaw POL"]
[Date "2005.06.27"]
[Round "9"]
[White "Malakhov,V"]
[Black "Stefansson,H"]
[Result "1-0"]
[WhiteElo "2670"]
[BlackElo "2573"]

1.Nf3 Nf6 2.c4 c6 3.d4 d5 4.Nc3 e6 5.Qb3 Be7 6.Bg5 dxc4 7.Qxc4 b5 8.Qd3 Nbd7
9.e4 Qa5 10.Be2 b4 11.Nd1 c5 12.Ne3 b3+ 13.Kf1 cxd4 14.Nc4 Qa4 15.e5 Nd5
16.Qxd4 O-O 17.Bxe7 Nxe7 18.Qd1 Rb8 19.axb3 Qxb3 20.Qxb3 Rxb3 21.Rxa7 Nc6
22.Rc7 Ndb8 23.Nfd2 Rb4 24.f3 Rd8 25.Kf2 Ba6 26.Ra1 Nd4 27.Bf1 Nb5 28.Rc5 Nd7
29.Rc6 Bb7 30.Na5 Ra8 31.Bxb5 Rxb5 32.Rc7 Nf8 33.Ndc4 Bd5 34.Ra3 g5 35.Ke3 Ng6
36.Kd4 Rd8 37.Kc3 Bxc4 38.Nxc4 Nxe5 39.Nxe5 Rxe5 40.Raa7 Rf5 41.b4 Rdd5 42.Ra2 Rb5
43.Rb2 h5 44.Kc4 Kg7 45.g4 Rfe5 46.gxh5 Rf5 47.Rb3 Rbd5 48.Rc5 Rf4+ 49.Kb5 Rd8
50.Kc6 Rc8+ 51.Kd7 Rb8 52.b5 Rd4+ 53.Kc7 Rdd8 54.Rc6 Rdc8+ 55.Kd6 Rd8+ 56.Kc5 Rd5+
57.Kc4 Rd7 58.b6 Kf6 59.h3 Ke7 60.Rc7 Rxc7+ 61.bxc7 Rc8 62.Rb7  1-0

[Event "6th EICC"]
[Site "Warsaw POL"]
[Date "2005.06.28"]
[Round "10"]
[White "Gdanski,J"]
[Black "Riazantsev,A"]
[Result "0-1"]
[WhiteElo "2544"]
[BlackElo "2608"]

1.c4 e6 2.Nc3 d5 3.d4 c6 4.Qb3 Nf6 5.Nf3 Be7 6.g3 O-O 7.Bg2 b6 8.O-O Ba6
9.cxd5 cxd5 10.Bf4 Nc6 11.Qa4 Bb7 12.Rfc1 a6 13.Ne5 Nxe5 14.Bxe5 Rc8 15.Qb3 Nd7
16.Bf4 b5 17.e4 dxe4 18.a4 Nf6 19.axb5 axb5 20.Nxb5 Bd5 21.Rxc8 Qxc8 22.Qc3 Qb7
23.Ra7 Qxb5 24.Rxe7 e3 25.f3 Ba8 26.Ra7 Nd5 27.Qa5 Qxa5 28.Rxa5 Nxf4 29.gxf4 g6
30.b4 Bd5 31.Bf1 Rb8 32.Rb5 Rd8 33.Be2 Bb3 34.Rc5 Rxd4 35.b5 Bd5 36.b6 Rxf4
37.Bc4 Bxf3 38.Rc7 Rd4 39.Be2 Bxe2 40.Kg2 Rb4 41.b7 Kg7  0-1

[Event "16th Open"]
[Site "Ljubljana SLO"]
[Date "2005.07.09"]
[Round "1"]
[White "Trpin,A"]
[Black "Gjuran,D"]
[Result "0-1"]
[WhiteElo "1848"]
[BlackElo "2340"]

1.c4 e6 2.Nc3 d5 3.d4 Nf6 4.Nf3 c6 5.Bf4 Nbd7 6.h3 Be7 7.e3 O-O 8.Be2 dxc4
9.Bxc4 b5 10.Bd3 a6 11.O-O c5 12.Ne4 cxd4 13.Nxd4 Qb6 14.Nf3 Bb7 15.Nxf6+ Bxf6
16.Ng5 g6 17.Be4 Nc5 18.Bxb7 Qxb7 19.Qe2 e5 20.Bg3 Bxg5 21.Bxe5 Rfe8 22.Bd4 Ne6
23.Be5 Qe4 24.Bg3 Nd4  0-1

[Event "HZ Open"]
[Site "Vlissingen NED"]
[Date "2005.08.12"]
[Round "7"]
[White "Nep,R"]
[Black "Maenhout,T"]
[Result "1-0"]
[WhiteElo "2307"]
[BlackElo "2150"]

1.d4 Nf6 2.Nf3 d5 3.c4 c6 4.Nc3 e6 5.Qb3 dxc4 6.Qxc4 b5 7.Qd3 b4 8.Ne4 Nbd7
9.Bg5 Qa5 10.Nxf6+ gxf6 11.Bd2 Ba6 12.Qc2 Rc8 13.e4 Bxf1 14.Kxf1 Qb5+ 15.Kg1 Qh5
16.Bf4 Be7 17.Rd1 O-O 18.h3 Kh8 19.Kh2 Nb6 20.Rhe1 Rg8 21.Bg3 Qg6 22.Qe2 Bd6
23.e5 Bb8 24.Rg1 Nd5 25.Kh1 f5 26.Qd2 a5 27.Rc1 Ba7 28.Rc4 c5 29.Qc1 Rc6
30.dxc5 Rgc8 31.Bh4 f4 32.Nd4 Rxc5 33.Rxc5 Rxc5 34.Qd1 Rc4 35.Nb5 Bb6 36.Nd6 Rc6
37.Qa4 Qc2 38.Qb5 Nc7 39.Qf1 Qxb2 40.Qd1 Qc2 41.Nxf7+ Kg7 42.Qd7 Kg6 43.Nd8 Rc3
44.Qf7+ Kh6 45.Qxf4+  1-0

[Event "2nd Open Fincas Mediterranea"]
[Site "Castelldefels ESP"]
[Date "2005.08.19"]
[Round "3"]
[White "Hernando Rodrigo,Jo"]
[Black "Dominguez Pons,E"]
[Result "1-0"]
[WhiteElo "2351"]
[BlackElo "2073"]

1.d4 d5 2.c4 c6 3.Nf3 Nf6 4.Nc3 e6 5.Qb3 Nbd7 6.g3 Qb6 7.Bg2 Qxb3 8.axb3 Bd6
9.Bf4 Bxf4 10.gxf4 O-O 11.Ne5 Nh5 12.e3 g6 13.b4 f6 14.Nxd7 Bxd7 15.cxd5 cxd5
16.Kd2 f5 17.Ra5 a6 18.Rc1 Nf6 19.Bf1 Rfc8 20.f3 Ne8 21.Rca1 Rab8 22.h4 Nd6
23.b3 Bc6 24.Be2 Kf7 25.Rc1 Bd7 26.Rc5 b5 27.Nd1 Nb7 28.Rxc8 Rxc8 29.Ra1 Ra8
30.Nb2 Ke7 31.Nd3 Nd6 32.Nc5 Bc8 33.Ke1 Nb7 34.Bxb5 Nxc5 35.dxc5 Rb8 36.Bxa6 Bxa6
37.Rxa6 Rxb4 38.Rb6 Rxb6 39.cxb6 Kd6 40.Kd2 Kc6 41.Kc3 Kxb6 42.Kd4 Kb5 43.Ke5 Kc5
44.Kxe6 d4 45.exd4+ Kxd4 46.Kf6 Ke3 47.b4  1-0

[Event "ch-AUT w"]
[Site "Gmunden AUT"]
[Date "2005.08.21"]
[Round "11"]
[White "Schwaninger,U"]
[Black "Horvath,Maria AUT"]
[Result "1-0"]
[WhiteElo "1982"]
[BlackElo "2039"]

1.d4 d5 2.c4 e6 3.Nf3 c6 4.Qb3 Nf6 5.Nc3 Nbd7 6.Bf4 Nh5 7.Bg3 Nxg3 8.hxg3 Qa5
9.e3 Bd6 10.cxd5 exd5 11.Bd3 h6 12.Kf1 Nf6 13.e4 dxe4 14.Nxe4 Nxe4 15.Bxe4 O-O
16.Qc2 Re8 17.Nh4 Qg5 18.Re1 Be6 19.Nf3 Qf6 20.Rh4 Rad8 21.Ne5 c5 22.Rf4 Qe7
23.Bh7+ Kf8 24.Ng6+  1-0

[Event "Rudenko mem"]
[Site "St Petersburg RUS"]
[Date "2005.08.25"]
[Round "6"]
[White "Rumiantseva,M"]
[Black "Tomilova,E"]
[Result "1/2-1/2"]
[WhiteElo "2021"]
[BlackElo "2306"]

1.d4 d5 2.c4 c6 3.Nf3 Nf6 4.Nc3 e6 5.Bf4 Nbd7 6.e3 Be7 7.cxd5 exd5 8.Bd3 O-O
9.O-O Re8 10.Rc1 Nf8 11.Ne5 Bd6 12.Re1 a6 13.e4 Bb4 14.Bg5 Bxc3 15.bxc3 h6
16.Bxf6 Qxf6 17.exd5 cxd5 18.Re3 Be6 19.Rf3 Qe7 20.Rg3 f6 21.Ng6 Nxg6 22.Bxg6 Bf7
23.Bd3 Qd7 24.Qf3 Kh8 25.Bf5 Qe7 26.Bd3 Rac8 27.Qg4 Bg8 28.h4 b5 29.Bg6 Red8
30.Re3 Qa3 31.Rc2 Qf8 32.Rce2 Bf7 33.Bxf7 Qxf7 34.Re7 Qf8 35.Qg6 Qg8 36.R2e6 Qh7
37.Rxf6 Qxg6 38.Rxg6 Rg8 39.Rxa6 Rxc3 40.Rd6 Rc1+ 41.Kh2 Rc2 42.Rxd5 Rxa2
43.Rxb5 Rxf2 44.Rbb7 Rf4 45.g3  1/2-1/2

[Event "Corsica Masters Open"]
[Site "Bastia FRA"]
[Date "2005.11.01"]
[Round "5"]
[White "Agrest,E"]
[Black "Fressinet,L"]
[Result "1/2-1/2"]
[WhiteElo "2571"]
[BlackElo "2624"]

1.Nf3 d5 2.d4 Nf6 3.c4 c6 4.Qb3 e6 5.Nc3 dxc4 6.Qxc4 b5 7.Qd3 Nbd7 8.a3 b4
9.axb4 Bxb4 10.g3 Bb7 11.Bg2 c5 12.O-O O-O 13.Be3 a5 14.Rfd1 Qe7 15.Ng5 Bxg2
16.Kxg2 Rfd8 17.Qc2 h6 18.Nf3 Ng4 19.Bd2 cxd4 20.Nxd4 Qc5 21.Be1 Nde5 22.Ne4 Qxc2
23.Nxc2 Rxd1 24.Rxd1 Bxe1 25.Nxe1 Nc4 26.Rb1 Rb8 27.Nd3 Nge5 28.Nxe5 Nxe5
29.Ra1  1/2-1/2

[Event "5th Amplico AIG Life"]
[Site "Warsaw POL"]
[Date "2005.12.17"]
[Round "8"]
[White "Jasnikowski,Z"]
[Black "Bobras,P"]
[Result "1-0"]
[WhiteElo "2405"]
[BlackElo "2563"]

1.d4 d5 2.c4 c6 3.Nf3 Nf6 4.Nc3 e6 5.Qb3 dxc4 6.Qxc4 b5 7.Qd3 Nbd7 8.g3 Bb7
9.Bg2 b4 10.Ne4 c5 11.Nfg5 Qb6 12.Be3 Rd8 13.O-O Nxe4 14.Bxe4 cxd4 15.Bxd4 Nc5
16.Bxc5 Qxc5 17.Qf3 Qxg5 18.Bxb7 Bd6 19.Bc6+ Ke7 20.Rad1 h5 21.Rd3 h4 22.Rfd1 hxg3
23.hxg3 Qf6 24.Qe3 Qe5 25.Rxd6  1-0

[Event "5th Amplico AIG Life"]
[Site "Warsaw POL"]
[Date "2005.12.18"]
[Round "9"]
[White "Gasanov,E"]
[Black "Grycel,K"]
[Result "0-1"]
[WhiteElo "2427"]
[BlackElo "2282"]

1.d4 d5 2.c4 c6 3.Nc3 Nf6 4.Nf3 e6 5.Qb3 a6 6.c5 Nbd7 7.Bf4 Be7 8.e3 Nh5
9.Bd3 Nxf4 10.exf4 O-O 11.O-O b6 12.Qc2 h6 13.b4 a5 14.a3 Ba6 15.Bxa6 Rxa6
16.b5 cxb5 17.c6 b4 18.axb4 Nf6 19.b5 Ra8 20.f5 Ne8 21.Rfe1 Nc7 22.Ne5 Bb4
23.Nd7 Re8 24.fxe6 Nxe6 25.Qd2 Re7 26.Reb1 Rxd7 27.cxd7 Rb8 28.Qe3 Qxd7 29.Na2 Be7
30.Nc1 Rc8 31.Nd3 Rc3 32.Nc5 Rxc5 33.dxc5 Bxc5 34.Qd2 Ng5 35.Ra2 Ne4 36.Qe1 Qf5
37.Rb3 d4 38.Rf3 Qd5 39.Re2 Nd6 40.Re5 Qc4 41.Qb1 a4 42.Qd3 Qc1+ 43.Qf1 Qxf1+
44.Kxf1 Nxb5 45.Re8+ Kh7 46.Rxf7 Nd6 47.Rfe7 Nxe8 48.Rxe8 a3 49.Ke2 Bb4 50.Ra8 Ba5  0-1

[Event "Keres Mem Rapid"]
[Site "Tallinn EST"]
[Date "2006.01.08"]
[Round "9"]
[White "Agrest,E"]
[Black "Vitiugov,N"]
[Result "0-1"]
[WhiteElo "2571"]
[BlackElo "2538"]

1.Nf3 d5 2.d4 Nf6 3.c4 e6 4.Nc3 c6 5.Qb3 a5 6.Bg5 h6 7.Bh4 a4 8.Qc2 a3 9.b3 g5
10.Bg3 Bb4 11.O-O-O Bxc3 12.Qxc3 Ne4 13.Qc2 Na6 14.Kb1 Qa5 15.Rc1 e5 16.Nxe5 Bf5
17.Nd3 dxc4 18.bxc4 Nb4 19.Nxb4 Nc3+ 20.Ka1 Bxc2 21.Nxc2 Qb6  0-1

[Event "TCh-CZE Extraliga 2005-6"]
[Site "Czech Rep CZE"]
[Date "2006.01.14"]
[Round "7"]
[White "Marsalek,Z"]
[Black "Petr,Ma"]
[Result "1/2-1/2"]
[WhiteElo "2238"]
[BlackElo "2416"]

1.d4 e6 2.Nf3 d5 3.c4 Nf6 4.Nc3 c6 5.Qb3 Be7 6.Bf4 O-O 7.e3 Nbd7 8.h3 b6
9.Be2 Bb7 10.O-O Ne4 11.Rfd1 f5 12.Ne5 Bf6 13.Nxe4 fxe4 14.Bg4 Qe7 15.Qa3 Qxa3
16.Bxe6+ Kh8 17.bxa3 Bxe5 18.dxe5 Nc5 19.cxd5 Nxe6 20.dxe6 Rfe8 21.Rd6 c5
22.Bg5 h6 23.Bh4 Kh7 24.Rd7 Bc6 25.Rd6 Bb5 26.f4 exf3 27.gxf3 Bc4 28.Be1 Bxe6
29.h4 b5 30.Rc1 Rac8 31.Rc2 Bc4 32.f4 Re7 33.a4 Kg8 34.axb5 Bxb5 35.Kf2 Be8
36.Bc3 Bc6 37.Rc1 Be4 38.Rg1 Kh7 39.Rgd1 Rcc7 40.R1d2 Kg8 41.Rd8+ Kf7 42.R8d6 Re6
43.Ba5 Rb7 44.Rd7+ Re7 45.Rxe7+ Kxe7 46.Bc3 Rb1 47.Bb2  1/2-1/2

[Event "22nd Spring Festival Open"]
[Site "Budapest HUN"]
[Date "2006.03.31"]
[Round "9"]
[White "Kahn,E"]
[Black "Nguyen Huynh Minh H"]
[Result "1/2-1/2"]
[WhiteElo "2312"]
[BlackElo "2217"]

1.d4 d5 2.c4 c6 3.Nf3 Nf6 4.Nc3 e6 5.Qb3 Nbd7 6.g3 a5 7.Bg2 a4 8.Qc2 dxc4
9.O-O b5 10.e4 Ba6 11.d5 Nc5 12.Nd4 Nd3 13.Nxc6 Qd7 14.Bg5 Ng4 15.Qe2 Nge5
16.Nxe5 Nxe5 17.dxe6 fxe6 18.Be3 Bb4 19.Qh5+ Nf7 20.e5 Bb7 21.Rfd1 Qe7 22.Nxb5 O-O
23.Bxb7 Qxb7 24.Nd4 Rfe8 25.Qf3 Qxf3 26.Nxf3 a3 27.bxa3 Rxa3 28.Rac1 Bc3
29.Bc5 Ra5 30.Bb6 Ra3 31.Bc5 Ra5 32.Rxc3 Rxc5 33.Rd4 Nxe5 34.Nxe5 Rxe5 35.Rdxc4 Ra5
36.a4 Rf8 37.Rg4 Ra7 38.Rcc4 Rf5 39.Rgf4 g6 40.Rxf5 gxf5 41.f4 Kf7 42.Kf2 h5
43.Ke3 Rb7 44.Rc3 Rb2 45.h4 Ra2 46.Rc7+ Kf6 47.Ra7 Ra3+ 48.Kf2 Ra2+ 49.Kf1 Ra1+
50.Kg2 Ra2+ 51.Kh3 Kg6 52.a5 Kf6 53.Ra8 Kg6 54.a6 Kf6 55.a7 Kg7 56.Re8 Rxa7
57.Rxe6 Ra2 58.Re7+ Kg6 59.Re8 Kg7 60.Re5 Kg6 61.Rb5 Rc2 62.Rb1 Ra2 63.Rg1 Kf6
64.Re1 Kg6 65.Re6+ Kg7 66.Re5  1/2-1/2

[Event "TCh-FRA Top 16 Gp A"]
[Site "Montpellier FRA"]
[Date "2006.04.01"]
[Round "6"]
[White "Meynard,T"]
[Black "Flear,G"]
[Result "0-1"]
[WhiteElo "2234"]
[BlackElo "2470"]

1.d4 d5 2.c4 e6 3.Nf3 Nf6 4.Nc3 c6 5.Qb3 dxc4 6.Qxc4 b5 7.Qd3 Bb7 8.e4 b4
9.Na4 Qa5 10.b3 c5 11.Qb5+ Qxb5 12.Bxb5+ Bc6 13.Bxc6+ Nxc6 14.dxc5 Nxe4 15.Be3 Be7
16.Nd4 Bf6 17.Rd1 Nxd4 18.Bxd4 O-O-O 19.Be3 Rxd1+ 20.Kxd1 Rd8+ 21.Ke2 Kb7
22.Rd1 Rxd1 23.Kxd1 Kc6 24.f3 Nc3+ 25.Nxc3 Bxc3 26.Kc2 a6 27.a3 Kd5 28.Kd3 Be1
29.a4 Bh4 30.c6 Kxc6 31.Kc4 a5 32.Bd4 g6 33.g3 Bd8 34.f4 g5 35.fxg5 Bxg5
36.g4 f5 37.h3 f4 38.Be5 f3 39.Kd3 Kd5 40.Bg3 e5 41.h4 e4+ 42.Kc2 Bf4 43.Be1 e3  0-1

[Event "7th ch-Euro"]
[Site "Kusadasi TUR"]
[Date "2006.04.09"]
[Round "6"]
[White "David,Alb"]
[Black "Esen,B"]
[Result "1-0"]
[WhiteElo "2591"]
[BlackElo "2419"]

1.d4 d5 2.c4 c6 3.Nf3 Nf6 4.Nc3 e6 5.Qb3 dxc4 6.Qxc4 b5 7.Qd3 b4 8.Ne4 Nxe4
9.Qxe4 Bb7 10.e3 Nd7 11.Bd3 Qb6 12.O-O c5 13.Qg4 g6 14.dxc5 Nxc5 15.Qd4 Rg8
16.Be2 Bg7 17.Qh4 Ne4 18.Nd2 Bf6 19.Qh3 O-O-O 20.Nxe4 Bxe4 21.Qg4 Bb7 22.a3 b3
23.a4 a5 24.Bb5 h5 25.Qe2 h4 26.e4 h3 27.Bf4 e5 28.Be3 Qe6 29.Ba7 Rd4 30.Rac1+ Kd8
31.Bxd4 exd4 32.Rfe1 hxg2 33.e5 Bg5 34.Rc4 Rh8 35.Qd3 Rh4 36.Rxd4+ Kc7 37.Rxh4 Bxh4
38.Rc1+ Kb8 39.Qd6+  1-0

[Event "FSIM June"]
[Site "Budapest HUN"]
[Date "2006.06.05"]
[Round "1"]
[White "Kahn,E"]
[Black "Delabaca,R"]
[Result "1/2-1/2"]
[WhiteElo "2289"]
[BlackElo "2203"]

1.d4 d5 2.c4 c6 3.Nf3 Nf6 4.Nc3 e6 5.Qb3 dxc4 6.Qxc4 b5 7.Qb3 a6 8.Bg5 Nbd7
9.e4 Qa5 10.Bxf6 Nxf6 11.Bd3 c5 12.dxc5 Bb7 13.c6 Bxc6 14.O-O Be7 15.e5 Nd7
16.Be4 Bxe4 17.Nxe4 O-O 18.Qd3 Rfd8 19.Neg5 Nf8 20.Qe4 h6 21.Nh3  1/2-1/2

[Event "ch-SWE"]
[Site "Gothenburg SWE"]
[Date "2006.07.03"]
[Round "3"]
[White "Agrest,E"]
[Black "Eriksson,Joh"]
[Result "1-0"]
[WhiteElo "2569"]
[BlackElo "2403"]

1.Nf3 Nf6 2.c4 e6 3.Nc3 d5 4.d4 c6 5.Qb3 dxc4 6.Qxc4 b5 7.Qd3 a6 8.e4 c5
9.dxc5 Qxd3 10.Bxd3 Bxc5 11.e5 Nfd7 12.Be4 Ra7 13.O-O O-O 14.Bf4 Be7 15.Rac1 Nc5
16.Bb1 Rd7 17.Bg5 f6 18.exf6 gxf6 19.Be3 Nd3 20.Rc2 Nb4 21.Re2 Re8 22.a3 N4c6
23.Ba2 Bf8 24.Ne4 Kg7 25.Ng3 b4 26.Bc1 Rb7 27.axb4 Nxb4 28.Bb1 Kh8 29.Bd2 Bd7
30.Rfe1 N8c6 31.Re4 Nd8 32.Rh4 Bc6 33.Nd4 Bd5 34.Nh5 Be7 35.Nf4 Bd6 36.Nf5 Bc5
37.Bc3 e5 38.Nh5 Rb6 39.Rd1 Bc6 40.Nxf6  1-0

[Event "3rd St Nikolay GM"]
[Site "Mionica SCG"]
[Date "2006.07.10"]
[Round "1"]
[White "Kostic,Vl"]
[Black "Muratovic,A"]
[Result "1/2-1/2"]
[WhiteElo "2433"]
[BlackElo "2445"]

1.d4 d5 2.Nf3 Nf6 3.c4 e6 4.Nc3 c6 5.Qb3 Nbd7 6.Bf4 Be7 7.e3 O-O 8.Be2 b6
9.O-O Bb7 10.Rfc1 Nh5 11.a4 Nxf4 12.exf4 a5 13.Qc2 Nf6  1/2-1/2

[Event "MTO Open"]
[Site "Biel SUI"]
[Date "2006.07.25"]
[Round "2"]
[White "Sachdev,T"]
[Black "Yagupov,I"]
[Result "1/2-1/2"]
[WhiteElo "2371"]
[BlackElo "2559"]

1.d4 d5 2.c4 c6 3.Nc3 Nf6 4.Nf3 e6 5.Qb3 dxc4 6.Qxc4 b5 7.Qd3 a6 8.e4 c5
9.dxc5 Qxd3 10.Bxd3 Bxc5 11.e5 Nfd7 12.a4 bxa4 13.Be4 Ra7 14.Rxa4 Rc7 15.O-O Nc6
16.Bf4 h6 17.h4 Be7 18.Rc4 Ndb8 19.Nd4 Bd7 20.Rc1 Bd8 21.Ncb5 axb5 22.Nxb5 Ke7
23.Nxc7 Bxc7 24.Bxc6 Nxc6 25.Rxc6 Bxc6 26.Rxc6 Kd7 27.Rc4 Rb8 28.b4 Rb5 29.Re4 Kc6
30.Kf1 Kd5 31.f3 Bb6 32.Ke2 Bd4 33.Bd2 Bxe5 34.Kd3 f5 35.Rc4 Bf6  1/2-1/2

[Event "XXI Rapid Open"]
[Site "Villarrobledo ESP"]
[Date "2006.08.06"]
[Round "8"]
[White "Borges Mateos,J"]
[Black "Ponomariov,R"]
[Result "0-1"]
[WhiteElo "2434"]
[BlackElo "2721"]

1.d4 Nf6 2.c4 e6 3.Nf3 d5 4.Nc3 c6 5.Qb3 Nbd7 6.g3 Be7 7.Bg2 O-O 8.O-O a5
9.Rd1 a4 10.Qc2 dxc4 11.Nxa4 b5 12.Nc3 Bb7 13.Bg5 h6 14.Bxf6 Bxf6 15.Ne4 Be7
16.b3 cxb3 17.axb3 Qb6 18.Qc3 Rxa1 19.Rxa1 c5 20.Nxc5 Nxc5 21.dxc5 Bxc5 22.e3 Rc8
23.Qb2 Be7 24.Rc1 Ra8 25.Qc2 Bf6 26.Nd2 Rc8 27.Qb1 Rd8 28.Bxb7 Qxb7 29.Qe4 Qa6
30.Qc2 Qa3 31.Ne4 Be7 32.Rd1 Rxd1+ 33.Qxd1 Qb2 34.Qd3 b4 35.Qc4 Qe5 36.Kf1 Bf8
37.Ke2 Qh5+ 38.Ke1 Qxh2 39.Nd2 Qh1+ 40.Ke2 Qb7 41.Nf3 g6 42.Nd4 Bg7 43.Nc6 Bc3
44.Qc5 Kg7 45.Kf3 Qa6 46.Qe7 Qa2 47.Qc7 Be1 48.Qe5+ Kh7 49.Qb2 Qa8 50.Ke2 Bc3
51.Qc2 Kg7 52.Qd3 Qa2+ 53.Kf3 Qxb3  0-1

[Event "Rudenko Mem"]
[Site "St Petersburg RUS"]
[Date "2006.08.27"]
[Round "2"]
[White "Chernova,A"]
[Black "Borzova,A"]
[Result "1-0"]
[WhiteElo "2153"]
[BlackElo "1819"]

1.d4 d5 2.c4 c6 3.Nf3 Nf6 4.Nc3 e6 5.Qb3 Nbd7 6.Bg5 Be7 7.e3 O-O 8.Bd3 Re8
9.O-O b6 10.cxd5 exd5 11.Rfc1 Bb7 12.a4 c5 13.dxc5 Nxc5 14.Qc2 Nxd3 15.Qxd3 Rc8
16.Rd1 a6 17.Rac1 Rc7 18.Nd4 Rd7 19.Nce2 Bd6 20.h3 Bb8 21.Nc6 Bxc6 22.Rxc6 Re6
23.Rc2 a5 24.Nd4 Rc7 25.Rxc7 Qxc7 26.Bf4 Qc8 27.Bxb8 Qxb8 28.Nxe6 fxe6 29.Rc1 Kf7
30.Rc6 g6 31.Qc3  1-0